00414nam a22001457a 450000500170000000800410001702200130005804100120007108200120008310000120009524500250010726000810013230000290021365000260024220240821120639.0240821b |||||||| |||| 00| 0 eng d a20726678 aEnglish a349 NAM lEnglish aNamibia Law Journal  aWindhoek: bNamibia Law Journal Trust and Konrad Adenauer Foundation, c2013 biv, 122 pages; c25 cm.  aLegal practice bLaw